000 00613nam a2200193Ia 4500
003 GCL
008 140319s9999 xx 000 0 ara d
020 _a7783270977
040 _aGCL /
_cGCL
082 0 4 _a306
_bف ع
100 1 _aفارنيي، جان بيير
245 1 0 _aعولمة الثقافة /
_cفارنيي، جان بيير
260 _aالقاهرة :
_bالدار المصرية اللبنانية ،
_c2003
300 _a173 ص ؛
_c24 سم
650 0 4 _aالعولمة
650 0 4 _aالثقافة - العولمة
650 0 4 _aالديمقراطية - العولمة
942 _2ddc
_cBK
999 _c5266
_d5266